マクドナルドの全レギュラーメニュー - Statistics

General Stats
  • This quiz has been taken 86 times
  • The average score is 21 of 97
Answer Stats
% Correct
チーズバーガー
94%
ハンバーガー
90%
ダブルチーズバーガー
82%
バーガー ビッグマック
76%
フィレオフィッシュ
75%
フィレオフィッシュ
75%
てりやきマックバーガー
66%
マックフライポテト
62%
コカ・コーラ
58%
エッグチーズバーガー
54%
チキンフィレオ
52%
えびフィレオ
49%
ベーコンレタスバーガー
44%
マックチキン
44%
ファンタグレープ
44%
スプライト
41%
えだまめコーン
39%
サイドメニュー チキンマックナゲット
38%
スパイシーマックチキン
37%
ドリンク コカ・コーラゼロ
37%
スイーツ マックシェイク バニラ
35%
爽健美茶
34%
ファンタメロン
31%
マックシェイク ストロベリー
31%
Qoo すっきり白ぶどう
31%
てりやきチキンフィレオ
27%
ハッシュポテト
27%
アールグレイ アイスティー
27%
ミルク
27%
マックシェイク チョコレート
25%
ミニッツメイドオレンジ
23%
ホットアップルパイ
23%
野菜生活100
23%
ソーセージエッグマフィン
21%
マックグリドル ソーセージ
21%
サイドサラダ
21%
プチパンケーキ
21%
ミニッツメイドアップル100
21%
朝マック エッグマックマフィン
18%
ソーセージマフィン
18%
シャカチキ
18%
サントリー黒烏龍茶#濃いめ
18%
ソフトツイスト
18%
メガマフィン
17%
ホットティー
17%
プレミアムローストコーヒー
17%
カフェラテ
17%
カフェラテ(マックカフェ バイ バリスタ)
17%
マックグリドル ソーセージエッグ
15%
炙り醤油風 ダブル肉厚ビーフ
14%
マックチキンチーズ
13%
プレミアムローストアイスコーヒー
13%
マカロン チョコレート
13%
チキンマックマフィン
11%
キャラメルラテ
11%
マカロン バニラ
11%
キャラメルラテ(マックカフェ バイ バリスタ)
11%
ベーコンエッグマックサンド
10%
ホットケーキ
10%
マックフロート グレープ
10%
マックフロート メロン
10%
マックフロート コーク
10%
マックフロート コーヒー
10%
マンゴースムージー
10%
マカロン ラズベリー
10%
炙り醤油風 たまごベーコン肉厚ビーフ
8%
マックグリドル ベーコンエッグ
8%
ポテナゲ大
8%
ポテナゲ特大
8%
アイスカフェラテ
8%
マックフルーリー オレオクッキー
8%
マックフルーリー 超オレオクッキー
8%
アイスカフェラテ(マックカフェ バイ バリスタ)
8%
アイスキャラメルラテ
7%
エスプレッソ
7%
アイスキャラメルラテ(マックカフェ バイ バリスタ)
7%
マックカフェ チョコフラッペ オレオクッキー
6%
プリンケーキ
6%
一部店舗限定 ロールケーキ オレオクッキー
4%
トリプルチョコ&キャラメルスコーン
4%
エスプレッソフラッペ
4%
グリーンスムージー
4%
カプチーノ
4%
マカロン5個入りボックスセット
4%
マックカフェ バイ バリスタ限定 宇治抹茶フラッペ
3%
アメリカーノ
3%
ホットチョコレート
3%
フラットホワイト
1%
カフェモカ
1%
オレンジフレーバーラテ
1%
アイスカフェモカ
1%
アイスオレンジフレーバーラテ
1%
アイスアメリカーノ
1%
ダージリンティー
1%
ピーチフレーバーアイスティー
1%
アイスチョコレート
1%
ベビーチーノ
0%
No matching quizzes found
Score Distribution
Percent of People with Each Score
Percentile by Number Answered
Your Score History
You have not taken this quiz